000 01584cam a22003015a 4500
999 _c26820
_d26792
001 15406227
003 EG-ScBUE
005 20191209120319.0
008 080809s2008 stk f d 000 0 eng d
020 _a9780550103970
035 _a(OCoLC)ocn195673143
040 _aUKM
_beng
_erda
_cUKM
_dBTCTA
_dBAKER
_dYDXCP
_dBWKUK
_dDLC
_dEG-ScBUE
082 0 4 _a423
_bCHA
_222
245 0 0 _aChambers 2-in-1 dictionary & thesaurus.
246 3 _aChambers two-in-one dictionary and thesaurus
264 1 _aEdinburgh :
_bChambers Harrap Publishers Ltd,
_c2008.
300 _avii, 1110 pages :
_billustrations ;
_c26 cm
336 _2rdacontent
_atext
_btxt
337 _2rdamedia
_aunmediated
_bn
338 _2rdacarrier
_avolume
_bnc
520 _a"Chambers 2-in-1 Dictionary & Thesaurus is an easy-to-use single-volume source of both dictionary definitions and thesaurus information (synonyms and antonyms). Entries are fully integrated, and the exceptionally clear two-colour layout means you can find exactly what you're looking for quickly and easily." "This book has a fully integrated dictionary and thesaurus text so there's no need to look up the same word twice; 30,000 entries and more than 70,000 dictionary definitions; 150,000 synonyms and opposites; and over 200 lists of related words from types of accommodation to signs of the zodiac."
590 _areham
650 7 _aEnglish language
_vDictionaries.
_2BUEsh
650 7 _aEnglish language
_xSynonyms and antonyms
_vDictionaries.
_2BUEsh
653 _bHHUUEENN
_cJuly2018
655 _vReading book
942 _2ddc
_cREFERENCE